Il formaggio e i vermi : (Record n. 27723)
[ formato base ]
| 000 -LEADER | |
|---|---|
| fixed length control field | 00628nam a2200205 i 4500 |
| 003 - CONTROL NUMBER IDENTIFIER | |
| control field | IT-RoINE |
| 005 - DATE AND TIME OF LATEST TRANSACTION | |
| control field | 20181122070305.0 |
| 008 - FIXED-LENGTH DATA ELEMENTS--GENERAL INFORMATION | |
| fixed length control field | 130201s1976 it |||||r |||||||ita|d |
| 040 ## - CATALOGING SOURCE | |
| Transcribing agency | IT-RoINE |
| Modifying agency | IT-RoINE |
| 100 1# - MAIN ENTRY--PERSONAL NAME | |
| Personal name | Ginzburg, Carlo, |
| Dates associated with a name | 1939- |
| 9 (RLIN) | 54659 |
| 245 13 - TITLE STATEMENT | |
| Title | Il formaggio e i vermi : |
| Remainder of title | il cosmo di un mugnaio del '500 / |
| Statement of responsibility, etc | Carlo Ginzburg. |
| 260 ## - PUBLICATION, DISTRIBUTION, ETC. (IMPRINT) | |
| Place of publication, distribution, etc | Torino : |
| Name of publisher, distributor, etc | Einaudi, |
| Date of publication, distribution, etc | 1976. |
| 300 ## - PHYSICAL DESCRIPTION | |
| Extent | XXXI, 188 p. ; |
| Dimensions | 21 cm. |
| 336 ## - CONTENT TYPE | |
| Source | rdacontent |
| Content type term | text |
| 337 ## - MEDIA TYPE | |
| Source | rdamedia |
| Media type term | unmediated |
| 338 ## - CARRIER TYPE | |
| Source | rdacarrier |
| Carrier type term | volume |
| 490 1# - SERIES STATEMENT | |
| Series statement | Einaudi paperbacks ; |
| Volume number/sequential designation | 65 |
| 830 #0 - SERIES ADDED ENTRY--UNIFORM TITLE | |
| Uniform title | Einaudi paperbacks ; |
| 9 (RLIN) | 54660 |
| Volume number/sequential designation | 65 |
| 942 ## - ADDED ENTRY ELEMENTS (KOHA) | |
| Item type | Monografías |
| Withdrawn status | Lost status | Damaged status | Not for loan | Home library | Current library | Date acquired | Total Checkouts | Full call number | Barcode | Date last seen | Price effective from | Koha item type |
|---|---|---|---|---|---|---|---|---|---|---|---|---|
| Iglesia Nacional Española en Roma | Iglesia Nacional Española en Roma | 22/11/2018 | NOVALÍN 1285 | NOV-1370 | 22/11/2018 | 22/11/2018 | Monografías |